000 00844nac a22002537a 4500
001 BR7909347
003 BR-BrBNA
005 20240105114603.0
008 230509b bl.|||m| |||| 00| 0 por d
040 _aBR-BrBNA
_bpor
_cBiblioteca Nacional de Agricultura
072 _aE14
090 _aE14 BR7909347
110 1 _aComissao Estadual de Planejamento Agricola do Piaui, Teresina (Brasil)
_92040
245 1 _aRelatorio de atividades 1979 [desenvolvimento economico]
260 3 _aTeresina, PI (Brasil):
_c1979.
300 _a56 p.
490 _aRelatorio - Comissao Estadual de Planejamento Agricola (Brazil)
_v
_x
650 _aDESENVOLVIMENTO ECONOMICO
650 _aPLANEJAMENTO AGRICOLA
650 _aPROJETO AGRICOLA
650 _aPROJETO PESQUEIRO
909 _a202312
_bLúcia Elande
_c55
_dLúcia Elande
942 _2AGRIS
_n0
_cMS
999 _c270205
_d270205